000
00281nam a22001217a 4500
008
230505b |||||||| |||| 00| 0 eng d
100
_a
S. N. Shukla
245
_a
Transfer of Property Act
260
_a
Haryana
_b
ALA
_c
2008
300
_a
516
546
_a
English
942
_2
ddc
_c
BK
999
_c
20016
_d
20016